[Event "Araruama op 1st"]
[Site "Araruama"]
[Date "2021.06.04"]
[Round "2"]
[White "Valente, Rodrigo de Deus"]
[Black "Pereira, Rodrigo Ferreira"]
[Result "1-0"]
[WhiteElo "1914"]
[BlackElo "1538"]
[PlyCount "125"]
[EventDate "2021.06.02"]
[EventType "tourn"]
[EventRounds "6"]
[EventCountry "BRA"]
[SourceTitle "CBM 203 Extra"]
[Source "ChessBase"]
[SourceDate "2021.09.30"]
[SourceVersion "1"]
[SourceVersionDate "2021.09.30"]
[SourceQuality "1"]

1. c4 c5 2. Nc3 Nc6 3. g3 g6 4. Bg2 Bg7 5. Nf3 Nf6 6. 0-0 0-0 7. d3 d6 8. Bd2 h6 9. Rb1 Bd7 10. a3 a5 11. Re1 Rb8 12. Nb5 Kh7 13. Qc2 Qb6 14. e4 Ne8 15. Bc3 e5 16. b4 axb4 17. axb4 cxb4 18. Bxb4 Nxb4 19. Rxb4 Nc7 20. Qb2 Nxb5 21. cxb5 Rbc8 22. Nd2 Rc5 23. Nc4 Qc7 24. b6 Qc6 25. Qa3 Be6 26. Qa7 Bxc4 27. Rxc4 Rd8 28. Rec1 Rd7 29. Bh3 Re7 30. Bg2 Bf6 31. Bf3 Re8 32. Bd1 Qc8 33. Bb3 Bg5 34. Rxc5 dxc5 35. Rc2 Re7 36. Qa5 Qd8 37. Bd5 f5 38. Qxc5 Rd7 39. Qc8 Qxc8 40. Rxc8 Bd8 41. Bxb7 Bxb6 42. Bd5 Ra7 43. exf5 gxf5 44. Re8 Bd4 45. Be6 Kg6 46. h4 Rc7 47. Bc4 Rb7 48. Re6+ Kg7 49. Ra6 Rc7 50. h5 Ra7 51. Rg6+ Kh7 52. Bg8+ Kh8 53. Be6 Kh7 54. Bxf5 Rf7 55. g4 Rg7 56. Rd6+ Kg8 57. Rxh6 Kf7 58. Rc6 Kf8 59. h6 Rg8 60. Rc8+ Kf7 61. Be6+ Kxe6 62. Rxg8 Kf7 63. h7 1-0

[Event "Cuiaba Contaud op"]
[Site "Cuiaba"]
[Date "2019.06.02"]
[Round "5"]
[White "Valente, Rodrigo de Deus"]
[Black "Librelato, Kathie Goulart"]
[Result "0-1"]
[WhiteElo "1922"]
[BlackElo "2184"]
[PlyCount "76"]
[EventDate "2019.05.31"]
[EventType "swiss"]
[EventRounds "6"]
[EventCountry "BRA"]
[SourceTitle "EXT 2020"]
[Source "ChessBase"]
[SourceDate "2019.10.17"]
[SourceVersion "1"]
[SourceVersionDate "2019.10.17"]
[SourceQuality "1"]

1. d4 Nf6 2. c4 g6 3. Nc3 Bg7 4. e4 d6 5. Nf3 0-0 6. Be2 Na6 7. 0-0 e5 8. d5 Nc5 9. Qc2 a5 10. Bg5 Qe8 11. Nb5 Qd7 12. Nd2 Ne8 13. Be3 f5 14. f3 Nf6 15. b3 Nh5 16. Rfe1 Qd8 17. Bf1 Rf7 18. Rad1 b6 19. a3 Na6 20. Qc3 Bf6 21. Rb1 Bh4 22. Re2 f4 23. Bf2 Bxf2+ 24. Rxf2 Qh4 25. Be2 g5 26. b4 axb4 27. axb4 Rf6 28. Ra1 Rh6 29. Nf1 Ng3 30. Bd3 g4 31. fxg4 Bxg4 32. c5 Nxf1 33. Kxf1 Qxh2 34. Ke1 Qg3 35. Bf1 Qe3+ 36. Qxe3 fxe3 37. Rb2 Rf8 38. Rxa6 Rxf1+ 0-1

[Event "Sao Paulo op-B U2050 7th"]
[Site "Sao Paulo"]
[Date "2018.03.31"]
[Round "3"]
[White "Valente, Rodrigo de Deus"]
[Black "Pereira da Silva, Gabriel Robert"]
[Result "0-1"]
[WhiteElo "1948"]
[BlackElo "1648"]
[PlyCount "96"]
[EventDate "2018.03.30"]
[EventType "swiss"]
[EventRounds "6"]
[EventCountry "BRA"]
[SourceTitle "EXT 2021"]
[Source "ChessBase"]
[SourceDate "2020.10.23"]
[SourceVersion "1"]
[SourceVersionDate "2020.10.23"]
[SourceQuality "1"]

1. d4 Nf6 2. c4 e6 3. g3 d5 4. Bg2 Be7 5. Nc3 0-0 6. cxd5 exd5 7. Nf3 c6 8. 0-0 Re8 9. Qc2 Nbd7 10. a3 Bd6 11. Nh4 Nf8 12. b4 Ng6 13. Nf5 Bf8 14. Bd2 Ne4 15. Ne3 Nf6 16. b5 Qb6 17. Qd3 a5 18. Rfc1 Qd8 19. Bf3 h5 20. Na4 h4 21. Ng2 Ne4 22. Be1 Ng5 23. Bh5 Nh3+ 24. Kf1 hxg3 25. hxg3 Qf6 26. Nb6 Bf5 27. Qd2 Ra7 28. bxc6 bxc6 29. Rc3 Ng5 30. Rac1 Ne4 31. Qe3 Bd6 32. Rxc6 Rae7 33. Nxd5 Qe6 34. Nxe7+ Nxe7 35. Nf4 Bxf4 36. Rxe6 Bxe3 37. Rxe4 Bxc1 38. Re5 g6 39. Bf3 Bxa3 40. Bxa5 Bd6 41. Re3 Rc8 42. Kg2 Nc6 43. Bc3 Nb4 44. Bxb4 Bxb4 45. Re5 Kg7 46. e4 Bd7 47. Bd1 f6 48. Rd5 Bc6 0-1

[Event "Pocos de Caldas op"]
[Site "Pocos de Caldas"]
[Date "2018.03.03"]
[Round "4"]
[White "Menezes, Jose Eduardo C"]
[Black "Valente, Rodrigo de Deus"]
[Result "0-1"]
[WhiteElo "1844"]
[BlackElo "1948"]
[PlyCount "73"]
[EventDate "2018.03.02"]
[EventType "swiss"]
[EventRounds "6"]
[EventCountry "BRA"]
[SourceTitle "CBM 183 Extra"]
[Source "ChessBase"]
[SourceDate "2018.04.19"]
[SourceVersion "1"]
[SourceVersionDate "2018.04.19"]
[SourceQuality "1"]

1. e4 c5 2. Nc3 Nc6 3. Nge2 g6 4. g3 Bg7 5. Bg2 e6 6. 0-0 a6 7. a4 Nge7 8. d3 Qc7 9. f4 d6 10. Be3 Nd4 11. Ra2 Nec6 12. h3 Nb4 13. Ra1 Ndxc2 14. Bf2 Nxa1 15. Qxa1 Nxd3 16. Be3 Bd7 17. Rd1 Nb4 18. Qc1 Rd8 19. f5 exf5 20. exf5 Bxf5 21. Bg5 f6 22. Bf4 g5 23. Bxg5 fxg5 24. Qxg5 0-0 25. Nf4 Kh8 26. Kh2 Be5 27. Nh5 Qf7 28. Kh1 Qg6 29. Qh4 Rg8 30. Ne2 Qg5 31. Qxg5 Rxg5 32. g4 Bd3 33. Nef4 Bc4 34. Rd2 b5 35. a5 Rf8 36. Rf2 Rf7 37. Be4 0-1

[Event "Pocos de Caldas op"]
[Site "Pocos de Caldas"]
[Date "2018.03.02"]
[Round "2"]
[White "Arango, Pedro Esteban"]
[Black "Valente, Rodrigo de Deus"]
[Result "0-1"]
[WhiteElo "1596"]
[BlackElo "1948"]
[PlyCount "56"]
[EventDate "2018.03.02"]
[EventType "swiss"]
[EventRounds "6"]
[EventCountry "BRA"]
[SourceTitle "CBM 183 Extra"]
[Source "ChessBase"]
[SourceDate "2018.04.19"]
[SourceVersion "1"]
[SourceVersionDate "2018.04.19"]
[SourceQuality "1"]

1. c4 Nf6 2. Nc3 e5 3. Nf3 Nc6 4. g3 d5 5. cxd5 Nxd5 6. Bg2 Be6 7. d3 h6 8. Bd2 Be7 9. 0-0 0-0 10. a3 Qd7 11. b4 a6 12. Qc2 Rac8 13. Rfc1 Nb6 14. Rab1 f6 15. Ne4 Nd8 16. Nc5 Bxc5 17. bxc5 Nd5 18. Qb2 c6 19. Ba5 Rf7 20. Nd2 Nc7 21. Ne4 Ne8 22. Nc3 Bh3 23. Na4 Bxg2 24. Kxg2 Rb8 25. Nb6 Qf5 26. Qb3 h5 27. Qc4 Qg4 28. Qxg4 hxg4 0-1

[Event "Sao Paulo Cordioli Memorial"]
[Site "Sao Paulo"]
[Date "2015.09.07"]
[Round "5"]
[White "Brito, Luismar Jorge"]
[Black "Valente, Rodrigo de Deus"]
[Result "1-0"]
[WhiteElo "2241"]
[BlackElo "1955"]
[PlyCount "49"]
[EventDate "2015.09.05"]
[EventType "swiss"]
[EventRounds "6"]
[EventCountry "BRA"]
[SourceTitle "EXT 2024"]
[Source "ChessBase"]
[SourceDate "2023.10.10"]
[SourceVersion "1"]
[SourceVersionDate "2023.10.10"]
[SourceQuality "1"]

1. Nc3 e5 2. Nf3 Nc6 3. d4 exd4 4. Nxd4 Qf6 5. Ndb5 Bb4 6. Nxc7+ Kd8 7. Nxa8 Bxc3+ 8. bxc3 Qxc3+ 9. Bd2 Qe5 10. Rb1 Qb8 11. Bc3 f6 12. e4 Qxa8 13. Qg4 g6 14. Bc4 d6 15. Qf4 Kc7 16. 0-0 g5 17. Qd2 Bd7 18. Rfd1 Qf8 19. Bb4 Nxb4 20. Qxb4 Bc6 21. Bd5 Qe8 22. Qa5+ Kc8 23. Rxb7 Bxb7 24. Bxb7+ Kd7 25. Bc6+ 1-0

[Event "Rio de Janeiro Borensztajn op 3rd"]
[Site "Rio de Janeiro"]
[Date "2015.06.28"]
[Round "6"]
[White "Valente, Rodrigo de Deus"]
[Black "Camara, Jose Arruda"]
[Result "0-1"]
[WhiteElo "1998"]
[BlackElo "1906"]
[PlyCount "122"]
[EventDate "2015.06.25"]
[EventType "swiss"]
[EventRounds "7"]
[EventCountry "BRA"]
[SourceTitle "CBM 167 Extra"]
[Source "ChessBase"]
[SourceDate "2015.09.14"]
[SourceVersion "1"]
[SourceVersionDate "2015.09.14"]
[SourceQuality "1"]

1. d4 e6 2. Nf3 d5 3. c4 Nf6 4. Nc3 Be7 5. Bf4 c6 6. e3 0-0 7. Bd3 Nbd7 8. Rc1 h6 9. h3 dxc4 10. Bxc4 Nb6 11. Bb3 Nbd5 12. Be5 Qa5 13. 0-0 Bd7 14. Na4 Rad8 15. Nc5 Bc8 16. Nd2 b5 17. Qe2 Nd7 18. Nd3 Bb7 19. Bh2 N5f6 20. Rc2 Qb6 21. Rfc1 a5 22. a3 Rc8 23. Nc5 Nxc5 24. dxc5 Qa7 25. a4 Rfd8 26. e4 Ba6 27. Qe1 bxa4 28. Bxa4 Bd3 29. Rc3 Rd4 30. Bc2 Rcd8 31. Bd6 Bb5 32. Nf3 Rb4 33. Ra3 Rxb2 34. Rxa5 Qd7 35. Bxe7 Qxe7 36. Qc3 Rxc2 37. Qxc2 Bd3 38. Qa4 Bxe4 39. Ra7 Qe8 40. Ne5 Bd5 41. Ra1 Ne4 42. Rxf7 Ng5 43. Ra7 Qh5 44. Ra3 Qe2 45. Re3 Qb2 46. Ra8 Rxa8 47. Qxa8+ Kh7 48. h4 Ne4 49. Qf8 Qxe5 50. Qf3 Qa1+ 51. Kh2 Qe5+ 52. Kg1 Qa1+ 53. Kh2 Nf6 54. Qe2 Qc1 55. Qd3+ Kg8 56. Rg3 Ne4 57. Rf3 Qxc5 58. h5 Nxf2 59. Qg6 Bxf3 60. Qxe6+ Kh7 61. Qg6+ Kg8 0-1

[Event "Sao Paulo Braga Memorial 3rd"]
[Site "Sao Paulo"]
[Date "2014.12.14"]
[Round "6"]
[White "Farah, Daniel Landshoff"]
[Black "Valente, Rodrigo de Deus"]
[Result "1-0"]
[WhiteElo "1858"]
[BlackElo "2043"]
[PlyCount "97"]
[EventDate "2014.12.12"]
[EventType "swiss"]
[EventRounds "6"]
[EventCountry "BRA"]
[SourceTitle "EXT 2016"]
[Source "ChessBase"]
[SourceDate "2015.10.08"]
[SourceVersion "1"]
[SourceVersionDate "2015.10.08"]
[SourceQuality "1"]

1. e4 c5 2. Nf3 Nc6 3. g3 g6 4. Bg2 Bg7 5. 0-0 d6 6. c3 Nf6 7. Re1 0-0 8. d4 Bg4 9. d5 Ne5 10. Nbd2 Nd3 11. Re3 Nxc1 12. Rxc1 Qd7 13. Qc2 Bh6 14. Ree1 Bh3 15. Rcd1 Bxg2 16. Kxg2 b5 17. c4 a6 18. b3 Nh5 19. h3 e5 20. dxe6 fxe6 21. Nf1 Qc6 22. Qd3 Rad8 23. Ne3 Nf6 24. Ng4 Nxg4 25. hxg4 Qb7 26. Rh1 Bg7 27. Ng5 Bd4 28. f4 bxc4 29. bxc4 Rde8 30. Rxh7 Qxh7 31. Nxh7 Kxh7 32. g5 Rb8 33. Rh1+ Kg7 34. Rb1 e5 35. f5 Rb4 36. f6+ Kf7 37. a3 Rbb8 38. Qc2 Be3 39. Rxb8 Rxb8 40. Qa4 Rb2+ 41. Kf3 Bxg5 42. Qd7+ Kxf6 43. Qxd6+ Kf7 44. Qd5+ Kg7 45. Qxe5+ Bf6 46. Qc7+ Kh6 47. Qxc5 Rb3+ 48. Kg4 Rc3 49. e5 1-0

[Event "Sao Paulo Braga Memorial 3rd"]
[Site "Sao Paulo"]
[Date "2014.12.13"]
[Round "4"]
[White "Nunes, Marcela Andreia Dia"]
[Black "Valente, Rodrigo de Deus"]
[Result "0-1"]
[WhiteElo "1483"]
[BlackElo "2043"]
[PlyCount "78"]
[EventDate "2014.12.12"]
[EventType "swiss"]
[EventRounds "6"]
[EventCountry "BRA"]
[SourceTitle "EXT 2016"]
[Source "ChessBase"]
[SourceDate "2015.10.08"]
[SourceVersion "1"]
[SourceVersionDate "2015.10.08"]
[SourceQuality "1"]

1. d4 Nf6 2. c4 e6 3. Nc3 Bb4 4. e3 0-0 5. Nge2 d5 6. a3 Be7 7. cxd5 exd5 8. Ng3 Ne4 9. Ngxe4 dxe4 10. Nxe4 Re8 11. Bd3 f5 12. Nc3 Bd6 13. 0-0 Nc6 14. b4 a6 15. Qc2 Qh4 16. g3 Qf6 17. Bb2 Bd7 18. b5 Ne7 19. bxa6 bxa6 20. Bc4+ Kh8 21. Nd5 Nxd5 22. Bxd5 Rab8 23. Bc3 Qg5 24. Bg2 Re6 25. Bb4 Bb5 26. Rfc1 Bxb4 27. axb4 c6 28. Bf1 Bxf1 29. Kxf1 f4 30. gxf4 Qh5 31. Rxa6 Qh3+ 32. Ke1 Rbe8 33. Qd2 Qxh2 34. Kd1 Rg6 35. Kc2 Rg2 36. Rf1 Qh5 37. Rxc6 Qb5 38. Qc3 Qxf1 39. Rc8 Qxf2+ 0-1

[Event "Sao Paulo Braga Memorial 3rd"]
[Site "Sao Paulo"]
[Date "2014.12.12"]
[Round "1"]
[White "Valente, Rodrigo de Deus"]
[Black "Santos, Marcos Correia"]
[Result "1-0"]
[WhiteElo "2043"]
[BlackElo "1557"]
[PlyCount "55"]
[EventDate "2014.12.12"]
[EventType "swiss"]
[EventRounds "6"]
[EventCountry "BRA"]
[SourceTitle "EXT 2016"]
[Source "ChessBase"]
[SourceDate "2015.10.08"]
[SourceVersion "1"]
[SourceVersionDate "2015.10.08"]
[SourceQuality "1"]

1. e4 c5 2. Nf3 d6 3. d4 cxd4 4. Nxd4 Nf6 5. Nc3 a6 6. Bc4 e6 7. 0-0 Be7 8. a4 Nc6 9. Be3 Bd7 10. f4 0-0 11. Kh1 Rc8 12. Qe2 Qc7 13. Ba2 Nb4 14. Bb3 h5 15. Bg1 Rfe8 16. Rae1 e5 17. fxe5 dxe5 18. Nf5 Bf8 19. Nh6+ gxh6 20. Rxf6 Be6 21. Qxh5 Bxb3 22. cxb3 Nd3 23. Nd5 Qd7 24. Ref1 Rc1 25. Rxc1 Nxc1 26. Rxh6 Bg7 27. Qg5 Kf8 28. Bc5+ 1-0

[Event "Mogi das Cruzes Catropa Memorial"]
[Site "Mogi das Cruzes"]
[Date "2014.09.05"]
[Round "2"]
[White "Araujo, Renan Aparecido"]
[Black "Valente, Rodrigo de Deus"]
[Result "1-0"]
[WhiteElo "1908"]
[BlackElo "2075"]
[PlyCount "67"]
[EventDate "2014.09.05"]
[EventType "swiss"]
[EventRounds "6"]
[EventCountry "BRA"]
[SourceTitle "CBM 162 Extra"]
[Source "ChessBase"]
[SourceDate "2014.10.17"]
[SourceVersion "1"]
[SourceVersionDate "2014.10.17"]
[SourceQuality "1"]

1. d4 Nf6 2. c4 e6 3. Nf3 b6 4. a3 Bb7 5. Nc3 Be7 6. Qc2 d5 7. e3 Ne4 8. cxd5 exd5 9. Bd3 f5 10. 0-0 Nd7 11. Nd2 0-0 12. f3 Nxc3 13. bxc3 g6 14. e4 c5 15. exf5 c4 16. Nxc4 dxc4 17. Bxc4+ Kg7 18. fxg6 Qc7 19. Qd2 Bg5 20. Qxg5 Nf6 21. Qh6+ Kh8 22. Bf7 Rxf7 23. gxf7 Qxf7 24. Bf4 Rg8 25. Be5 Rg6 26. Qh4 Qg7 27. Bxf6 Rxf6 28. Qg3 Qf8 29. Rae1 Bc6 30. Re5 Qxa3 31. Rfe1 Rg6 32. Rg5 Qxc3 33. Qb8+ Kg7 34. Re7+ 1-0

[Event "Americana Paulista op"]
[Site "Americana"]
[Date "2013.09.22"]
[Round "5"]
[White "Valente, Rodrigo de Deus"]
[Black "Mandetta, Joao Danilo"]
[Result "0-1"]
[WhiteElo "2087"]
[BlackElo "2169"]
[PlyCount "60"]
[EventDate "2013.09.20"]
[EventType "swiss"]
[EventRounds "6"]
[EventCountry "BRA"]
[SourceTitle "CBM 156 Extra"]
[Source "ChessBase"]
[SourceDate "2013.10.22"]
[SourceVersion "1"]
[SourceVersionDate "2013.10.22"]
[SourceQuality "1"]

1. c4 c5 2. Nc3 b6 3. b3 Bb7 4. Bb2 Nf6 5. Nf3 e6 6. e3 Be7 7. Be2 0-0 8. 0-0 d6 9. d3 Nbd7 10. Nd2 Re8 11. Bf3 d5 12. d4 cxd4 13. exd4 Nf8 14. Qc2 Rc8 15. Rac1 Ng6 16. g3 Qd7 17. Qd3 dxc4 18. Nxc4 Rxc4 19. Bxb7 Rxc3 20. Rxc3 Qxb7 21. Qb5 Rd8 22. Rfc1 Nd5 23. Rc6 Bg5 24. R1c2 h5 25. Qe2 h4 26. Ba3 Be7 27. Bxe7 Ngxe7 28. R6c4 Nf5 29. g4 Nf4 30. Qf1 Nxd4 0-1

[Event "Cordeiropolis op 3rd"]
[Site "Cordeiropolis"]
[Date "2013.09.01"]
[Round "6"]
[White "Sztokbant, Bernardo Vainzoff"]
[Black "Valente, Rodrigo de Deus"]
[Result "1-0"]
[WhiteElo "2209"]
[BlackElo "2087"]
[PlyCount "67"]
[EventDate "2013.08.30"]
[EventType "swiss"]
[EventRounds "6"]
[EventCountry "BRA"]
[SourceTitle "CBM 156 Extra"]
[Source "ChessBase"]
[SourceDate "2013.10.22"]
[SourceVersion "1"]
[SourceVersionDate "2013.10.22"]
[SourceQuality "1"]

1. e4 Nf6 2. e5 Nd5 3. c4 Nb6 4. d4 d6 5. Nf3 Bg4 6. Be2 dxe5 7. c5 Nd5 8. Nxe5 Bxe2 9. Qxe2 c6 10. Nc3 g6 11. Ne4 e6 12. Ng5 f6 13. Nxe6 Qe7 14. Nc4 Kd7 15. Nxf8+ Rxf8 16. Be3 Na6 17. 0-0 Nac7 18. Rfe1 b5 19. Nd6 f5 20. Qd2 Nxe3 21. Rxe3 Qg7 22. Re5 Rf6 23. Rae1 Re6 24. Qa5 a6 25. Qb6 Rxe5 26. Rxe5 Qh6 27. g3 Qc1+ 28. Kg2 f4 29. Re7+ Kxe7 30. Qxc7+ Kf6 31. Qf7+ Kg5 32. h4+ Kh6 33. Nf5+ Kh5 34. Qxh7+ 1-0